000 00472nam a2200193Ia 4500
008 160901s9999 xx 000 0 und d
020 _a0-7821-2468-2
050 _aComSc QA 76.73
050 _b.J38J38 1999
245 _aJava 2 complete /
260 _aSan Francisco :
260 _bSybex Inc.,
260 _c1999
300 _a1000 pages ;
300 _bill. ;
300 _c21 cm.
500 _aIncludes index.
650 _aJava (Computer program language).
999 _c300776
_d300776